LEADER 02233nam 2200553 450 001 9910459645203321 005 20200520144314.0 010 $a1-4438-6912-0 035 $a(CKB)3710000000261429 035 $a(EBL)1819174 035 $a(SSID)ssj0001411081 035 $a(PQKBManifestationID)11829111 035 $a(PQKBTitleCode)TC0001411081 035 $a(PQKBWorkID)11400623 035 $a(PQKB)11051770 035 $a(MiAaPQ)EBC1819174 035 $a(Au-PeEL)EBL1819174 035 $a(CaPaEBR)ebr10955538 035 $a(CaONFJC)MIL652888 035 $a(OCoLC)893739596 035 $a(EXLCZ)993710000000261429 100 $a20141027h20142014 uy 0 101 0 $aeng 135 $aur|n|---||||| 181 $ctxt 182 $cc 183 $acr 200 10$aFragments of tragedy in postmodern film /$fby Sezen Kayhan 210 1$aNewcastle upon Tyne, England :$cCambridge Scholars Publishing,$d2014. 210 4$dİ2014 215 $a1 online resource (128 p.) 300 $aDescription based upon print version of record. 311 $a1-4438-6130-8 311 $a1-322-21608-8 320 $aIncludes bibliographical references. 327 $aTABLE OF CONTENTS; ACKNOWLEDGEMENTS; ABSTRACT; CHAPTER ONE; CHAPTER TWO; CHAPTER THREE; CHAPTER FOUR; CHAPTER FIVE; REFERENCES; APPENDIX 330 $aDespite the theories about the ""death of tragedy"", this book explores fragments and reflections of tragedy in postmodern film. Tragedy has changed and evolved with human society, and its continuous chain from Ancient Greece to modern times has been broken by postmodernism. However, certain aspects of tragedy have continued to be used by literature and film: in particular, films with themes of chaos, violence, popular culture, paranoia, virtual reality and alienation often use aspects of trage... 606 $aTragedy$xHistory and criticism 608 $aElectronic books. 615 0$aTragedy$xHistory and criticism. 676 $a809.2512 700 $aKayhan$b Sezen$0891045 801 0$bMiAaPQ 801 1$bMiAaPQ 801 2$bMiAaPQ 906 $aBOOK 912 $a9910459645203321 996 $aFragments of tragedy in postmodern film$91990308 997 $aUNINA LEADER 02087nam0 22004813i 450 001 VAN00255622 005 20251113093103.530 017 70$2N$a9783642317309 100 $a20230308d2013 |0itac50 ba 101 $aeng 102 $aDE 105 $a|||| ||||| 181 $ai$b e 182 $ab 183 $acr 200 1 $aAstrochemistry and Astrobiology$fIan W.M. Smith, Charles S. Cockell, Sydney Leach editors 210 $aHeidelberg$cSpringer$d2013 215 $aIX, 349 p.$cill.$d24 cm 410 1$1001VAN00245327$12001 $aPhysical Chemistry in Action$1210 $aCham$cSpringer$d2013- 620 $aDE$dHeidelberg$3VANL000282 676 $a576.8$cEvoluzione - Astrobiologia$v22 676 $a541$cChimica fisica$v22 676 $a523.1$cCosmologia$v22 676 $a523.01$cAstrofisica$v22 676 $a520$cAstronomia$v22 702 1$aCockell$bCharles S.$3VANV107408 702 1$aLeach$bSydney$3VANV208774 702 1$aSmith$bIan W. M.$3VANV208767 712 $aSpringer $3VANV108073$4650 790 1$aCockell, C. S.$zCockell, Charles S.$3VANV208772 790 1$aCockell, C.S.$zCockell, Charles S.$3VANV208773 790 1$aSmith, Ian W.M.$zSmith, Ian W. M.$3VANV208768 790 1$aSmith, Ian William Murison$zSmith, Ian W. M.$3VANV208769 790 1$aSmith, I. W. M.$zSmith, Ian W. M.$3VANV208770 790 1$aSmith, I.W.M.$zSmith, Ian W. M.$3VANV208771 801 $aIT$bSOL$c20251114$gRICA 856 4 $uhttps://link.springer.com/openurl?genre=book&isbn=978-3-642-31730-9$zE-book - Accesso al full-text attraverso riconoscimento IP di Ateneo, proxy e/o Shibboleth 899 $aBIBLIOTECA DEL DIPARTIMENTO DI SCIENZE E TECNOLOGIE AMBIENTALI BIOLOGICHE E FARMACEUTICHE$1IT-CE0101$2VAN17 912 $fN 912 $aVAN00255622 950 $aBIBLIOTECA DEL DIPARTIMENTO DI SCIENZE E TECNOLOGIE AMBIENTALI BIOLOGICHE E FARMACEUTICHE$d17CONS e-book 2304 $e17BIB2304/3 3 20230308 $sBuono 996 $aAstrochemistry and Astrobiology$92514673 997 $aUNICAMPANIA